000
00166nam a22000857a 4500
999
_c
66409
_d
66406
100
_a
Hunge Franis
245
_a
Enggerning thermodynimics
300
_a
187p
942
_c
BK